| 000 | 00488nam a2200181Ia 4500 | ||
|---|---|---|---|
| 008 | 231221s9999 xx 000 0 und d | ||
| 020 | _a9790000000000 | ||
| 041 | _aEnglish | ||
| 082 | _a658.8 TAP;2 | ||
| 100 | _aPanda, Tapan K. | ||
| 245 | 0 | _aMarketing management : texts and cases in Indian context | |
| 250 | _a2nd ed. | ||
| 260 |
_c2007 _bOxford University Press _aNew Delhi |
||
| 300 | _axvil+757 | ||
| 300 | _c54800 | ||
| 650 | _aMarketing,management,texts | ||
| 942 | _cCD | ||
| 999 |
_c209784 _d209784 |
||